Normal view
MARC view
- تاريخ الاردن-اربد- ناحية بني عبيد 1850-1928م
Entry Topical Term
001 - CONTROL NUMBER
- control field: 23035
003 - CONTROL NUMBER IDENTIFIER
- control field: JO-AjAnu
005 - DATE AND TIME OF LATEST TRANSACTION
- control field: 20230606073951.0
008 - FIXED-LENGTH DATA ELEMENTS
- fixed length control field: 230606|| aca||aabn | a|a d
040 ## - CATALOGING SOURCE
- Original cataloging agency: JO-AjAnu
- Transcribing agency: JO-AjAnu
150 ## - HEADING--TOPICAL TERM
- Topical term or geographic name entry element: تاريخ الاردن-اربد- ناحية بني عبيد 1850-1928م
670 ## - SOURCE DATA FOUND
- Source citation: Work cat.: (JO-AjAnu)11838: ابو الشعر، هند غسان, author 23034, اربد وجورها: ناحية بني عبيد 1850-1928م = Irbid and the neighboor hood Bani-Obeid 1850-1928